| 000 | 01085cam a2200337 a 4500 | ||
|---|---|---|---|
| 001 | 195665 | ||
| 003 | NUST | ||
| 005 | 20211128151857.0 | ||
| 008 | 990225s1998 pk b 001 0 eng | ||
| 010 | _a 98930926 | ||
| 025 | _aP-E-98930926; 15; 16 | ||
| 038 | _awaseem | ||
| 040 |
_aDLC _cDLC _dDLC |
||
| 042 | _alcode | ||
| 043 | _aa-pk--- | ||
| 050 | 0 | 0 |
_aKPL3800 _b.N98 1998 |
| 082 | 0 | 0 |
_a345.5491 _bNYA |
| 100 | 1 |
_aNyazee, Imran Ahsan Khan. _985203 |
|
| 245 | 1 | 0 |
_aGeneral principles of criminal law : _bIslamic and Western / _cImran Ahsan Khan Nyazee. |
| 246 | 3 | 0 | _aCriminal law |
| 250 | _a1st ed. | ||
| 260 |
_aIslamabad : _bAdvanced Legal Studies Institute, _cc1998. |
||
| 300 |
_a164 p. ; _c22 cm. |
||
| 504 | _aIncludes bibliographical references (p. [159]-160) and index. | ||
| 563 | _aHBK. | ||
| 650 | 0 |
_aCriminal law _zPakistan. _985204 |
|
| 650 | 0 |
_aCriminal law (Islamic law) _zPakistan. _985205 |
|
| 906 |
_a7 _bcbc _corigode _d2 _encip _f19 _gy-gencatlg |
||
| 942 |
_2ddc _cBK |
||
| 999 |
_c586897 _d586897 |
||